| 000 | 00662nab a2200217 a 4500 | ||
|---|---|---|---|
| 005 | 20210223131523.0 | ||
| 008 | 991125s1985 mx 000 0 spa u | ||
| 035 | _aUPN01000180574 | ||
| 100 | 1 |
_aMadrid Vivar, Dolores _937340 |
|
| 222 | _aEDUCATIO XXI | ||
| 245 | _a¿ Didáctica general en y, para educación social ? : puntos de encuentro desde la perspectiva del alumnado | ||
| 260 | _aMurcia, España | ||
| 300 | _a245-260 | ||
| 362 | 0 | _a2010 Vol. 28, no. 2 | |
| 653 | 0 | _aEDUCACION SOCIAL | |
| 653 | 0 | _aESTRATEGIAS DE APRENDIZAJE | |
| 653 | 0 | _aENSEÑANZA | |
| 700 | 1 | _aMayorga Fernández, María José, | |
| 700 | 1 | _ecoaut. | |
| 905 | _aArticulo | ||
| 999 |
_c152677 _d152677 |
||